The modern novel ; a study of the purpose and the meaning of fiction /

Bibliographic Details
Main Author: Follett, Wilson
Format: Book
Language:English
Published: New York : A. A. Knopf, 1918.
Subjects:

MARC

Tag First Indicator Second Indicator Subfields
LEADER 00000cam a2200000 4500
001 in00000035842
005 20151007063524.0
008 760220s1918 nyu b 00010 engm
010 |a  18018775  
035 |a (OCoLC)02004057 
035 |9 AAD7593AM 
040 |a DLC  |c SUC  |d SUC  |d TXA  |d UtOrBLW 
049 |a TXAM  |c [19931] 
050 0 0 |a PR826  |b .F6 
092 |a 823.09  |b F66m 
100 1 |a Follett, Wilson. 
245 1 4 |a The modern novel ;  |b a study of the purpose and the meaning of fiction /  |c by Wilson Follett. 
264 1 |a New York :  |b A. A. Knopf,  |c 1918. 
300 |a 336 pages ;  |c 20 cm. 
336 |a text  |b txt  |2 rdacontent 
337 |a unmediated  |b n  |2 rdamedia 
338 |a volume  |b nc  |2 rdacarrier 
504 |a "A brief selective and suggestive bibliography of the novel in English with hints for study" : pages [287]-336. 
650 0 |a English fiction  |x History and criticism. 
999 |a MARS 
999 f f |s ea542c46-6fa0-3ada-95ce-9eb7f798b667  |i 9b95de32-5151-34ec-9dfb-ef78ad6b601e  |t 0 
952 f f |p ric  |a Texas A&M University  |b Rellis Campus  |c Joint Library Facility  |d Remote Storage  |t 0  |e PR826 .F6  |h Library of Congress classification  |i unmediated -- volume  |m A14801335201 
998 f f |a PR826 .F6  |t 0  |l Remote Storage